| 000 | 00922nam a22002537a 4500 | ||
|---|---|---|---|
| 999 |
_c17745 _d17745 |
||
| 003 | AR-CdUCM | ||
| 008 | 190509b ||||| |||| 00| 0 spa d | ||
| 040 |
_aMUNICIPALIDAD PROVINCIAL DEL CUSCO _cBIBLIOTECA MUNICIPAL DEL CUSCO |
||
| 041 | _hfr | ||
| 082 |
_22ed _a909 / _bP48 |
||
| 100 |
_aPradenne, A. Vayson de _937908 |
||
| 245 |
_aLa prehistoria : _badvenimiento del hombre / |
||
| 260 |
_aBuenos Aires : _bPleamar, _c1948. |
||
| 300 |
_a218 páginas ; _c21 cm. |
||
| 440 |
_aBiblioteca conocimiento _928659 |
||
| 500 | _aCon 47 grabados | ||
| 505 | _aContenido: Introducción a los estudios prehistóricos -- Clasificación y cronología -- Los principales datos prehistóricos a través del mundo... | ||
| 650 |
_aPrehistoria _9685 |
||
| 650 |
_aArqueologia _9371 |
||
| 650 |
_aCiencias sociales _91096 |
||
| 700 |
_aPittaluca, Mario (traducción) _937909 |
||
| 942 |
_2ddc _cLIBROS |
||
| 945 |
_adavv _d2019-05-09 |
||